Ferrovia Jonica - Statistics

Statistiche generali
  • Questo quiz è stato fatto 6 volte
  • Il punteggio medio è 15 su 55
Statistiche sulle risposte
Risposte % Corretto
Catanzaro Lido
83%
Crotone
83%
Reggio CalabriaCentrale
83%
Taranto
83%
Corigliano Calabro
67%
Melito di Porto Salvo
67%
Roccella Jonica
67%
Bova Marina
50%
Gioiosa Jonica
50%
Policoro-Tursi
50%
Reggio CalabriaAeroporto
50%
Saline di Reggio
50%
Siderno
50%
Africo Nuovo
33%
Bianco
33%
Brancaleone
33%
Ciro
33%
Cutro
33%
Ginosa
33%
Locri
33%
Metaponto
33%
Palizzi
33%
Reggio CalabriaPellaro
33%
Rossano
33%
Sibari
33%
Botricello
17%
Bovalino
17%
Cariati
17%
Castellaneta Marina
17%
Cropani
17%
Ferruzzano
17%
Monasterace-Stilo
17%
Montepaone-Montauro
17%
Motta San Giovanni-Lazzaro
17%
Soverato
17%
Squillace
17%
Torre Melissa
17%
Trebisacce
17%
Annà
0%
Ardore
0%
Badolato
0%
Calopezzati
0%
Caulonia
0%
Condofuri
0%
Crucoli
0%
Guardavalle
0%
Mandatoriccio-Campana
0%
Marina di San Lorenzo
0%
Mirto-Crosia
0%
Palagiano-Chiatona
0%
Reggio CalabriaBocale
0%
Reggio Calabria San Gregorio
0%
Strongoli
0%
Toscano
0%
Villapiana-Torre Cerchiara
0%
Nessun quiz corrispondente trovato
Distribuzione punteggi
Percentuale di utenti per punteggio
Percentile per numero di risposta
I tuoi punteggi nel tempo
Non hai fatto questo quiz